| 000 | 00408nam a22001697a 4500 | ||
|---|---|---|---|
| 999 |
_c3970 _d3969 |
||
| 005 | 20210809110035.0 | ||
| 008 | 160625b xxu||||| |||| 00| 0 eng d | ||
| 020 | _a0-201-19327-2 | ||
| 041 | _aeng | ||
| 082 |
_b10037 _a658.1599 |
||
| 100 |
_aStonehill, Eiteman _96526 |
||
| 245 | _aMultinational Business finance | ||
| 260 | _bAddison welsley | ||
| 300 | _a636 | ||
| 650 |
_aManagement _9241 |
||
| 942 | _cBK | ||